000 00408nam a2200181Ia 4500
005 20240823031946.0
008 240823s9999||||xx |||||||||||||| ||und||
041 _aENGLISH
082 _A519.4 Q2
100 _aSinha K K
245 0 _aNumerical Ability
250 _a1st
260 _c2012
_bUSI Publica
500 _aYES
650 _aNumerical Ability
_bMathematics
942 _cBK
999 _c192308
_d192308